Tous les adversaires du Racing 92 en Coupe d'Europe. - Statistiques

Statistiques générales
  • Ce quiz a été pris 74 fois
    12 depuis la dernière actualisation
  • Le résultat moyen est 17 sur 26
Statistiques - réponses
Équipes Matches Victoires Nuls Défaites Différence % Correct
Stade toulousain 2 0 0 2 -25
100%
Leinster 5 0 0 5 -102
100%
Castres olympique 2 1 0 1 19
89%
RC Toulon 1 1 0 0 3
89%
Stade rochelais 1 0 0 1 -7
89%
Union Bordeaux Bègles 1 0 0 1 -3
89%
Munster 9 4 1 4 26
89%
Northampton Saints 5 4 1 0 94
89%
Saracens 9 3 0 6 -20
89%
ASM Clermont 6 4 0 2 -5
78%
Stade français Paris 2 2 0 0 24
78%
Ulster 3 1 0 2 12
78%
Bath 1 0 0 1 -4
78%
Exeter Chiefs 1 0 0 1 -4
78%
Glasgow Warriors 5 1 0 4 -28
67%
Leicester Tigers 7 6 0 1 64
67%
Sale Sharks 2 1 0 1 -3
67%
Cardiff Blues 3 1 0 2 16
56%
Harlequins 7 3 0 4 9
56%
Benetton Trévise 2 2 0 0 62
44%
Edinburgh Rugby 5 3 0 2 71
44%
Connacht 1 1 0 0 4
44%
Llanelli Scarlets 6 4 1 1 74
33%
Stormers 1 1 0 0 9
22%
London Irish 2 1 0 1 14
22%
Ospreys 5 4 1 0 53
11%
Aucun quiz correspondant
Distribution des résultats
% des personnes avec chaque résultat
Percentile par nombre de réponses
Votre historique - résultats
Vous n’avez pas pris ce quiz depuis la dernière actualisation